00265nam a22001217a 4500020001500000082001500015100001900030245002500049260001500074300000800089490003200097650001400129 a0177717009 a546.31 WAD aWaddington,T.C aNon-aqueous solvents aUKbNelson a85p aStudies in Modern Chemistry achemistry